Термическая деструкция твердых горючих ископаемых. Кинетические аспекты: учебное пособие

Detalhes bibliográficos
Autor principal: Кравцов А. В. Анатолий Васильевич
Autor Corporativo: Томский политехнический университет
Outros Autores: Фёдоров А. Ф. Анатолий Фёдорович, Шишмина Л. В. Людмила Всеволодовна
Idioma:russo
Publicado em: Томск, Изд-во ТПУ, 1996
Assuntos:
Formato: Livro
KOHA link:https://koha.lib.tpu.ru/cgi-bin/koha/opac-detail.pl?biblionumber=2132

MARC

LEADER 00000nam0a2200000 4500
001 2132
005 20240118122246.0
035 |a (RuTPU)RU\TPU\book\2141 
035 |a BOOK00002143 
090 |a 2132 
100 |a 20011209d1996 m y0rusy50 ca 
101 0 |a rus 
102 |a RU 
105 |a y j 000zy 
200 1 |a Термическая деструкция твердых горючих ископаемых. Кинетические аспекты  |e учебное пособие  |f А. В. Кравцов, А. Ф. Федоров, Л. В. Шишмина  |g Томский политехнический университет 
210 |a Томск  |c Изд-во ТПУ  |d 1996 
215 |a 96 с. 
610 1 |a твердые горючие ископаемые 
610 1 |a кинетика 
610 1 |a учебные пособия 
675 |a 662.62(075.8)  |v 3 
700 1 |a Кравцов  |b А. В.  |c химик-технолог  |c профессор-консультант Томского политехнического университета, доктор технических наук  |f 1938-  |g Анатолий Васильевич  |3 (RuTPU)RU\TPU\pers\19827 
701 1 |a Фёдоров  |b А. Ф.  |c специалист в области организации высшего профессионального образования  |c ведущий эксперт Томского политехнического университета, кандидат технических наук  |f 1937-  |g Анатолий Фёдорович  |3 (RuTPU)RU\TPU\pers\26942 
701 1 |a Шишмина  |b Л. В.  |c российский геолог  |c доцент Томского политехнического университета, кандидат химических наук  |f 1951-  |g Людмила Всеволодовна  |3 (RuTPU)RU\TPU\pers\26106  |9 11936 
712 0 2 |a Томский политехнический университет  |3 (RuTPU)RU\TPU\col\376 
801 0 |a RU  |b 63413507  |c 20011209  |g PSBO 
801 2 |a RU  |b 63413507  |c 20170301  |g PSBO 
942 |c BK